000 01719cad a22002895a 4500
001 L156392
008 120516s2012 xxk f 000 0 eng d
035 _a(Sirsi) u156392
041 0 _aeng
100 1 _aFinlay, Stephen
110 2 _aIpsos Mori
_96076
110 2 _aRoyal Institute of British Architects
_92527
245 0 4 _aThe way we live now
_bWhat people need and expect from their homes
_h[electronic resource]
260 _a[S.l]
_b?IPSOS MORI
_c2012
260 _a[S.l]
_bRIBA
_c2012
520 _aLooks at the needs and expectations people have for their homes, how they use the space in their homes and how they choose a new property. A qualitative approach was selected in order to uncover in-depth insights and detail on the experiences of UK householders. Five ethnographic interviews were carried out with participants in a range of housing situations and four discussion groups were conducted with members of the general public who were all looking to buy an affordable new home in the next 12 months. Research commissioned from Ipsos MORI by the RIBA for the independent Future Homes Commission?s investigation into how the UK can build enough of the right kind of homes for modern British households.
590 _aKA NTK
651 4 _aUnited Kingdom
_y
690 _aDesign and specification
690 _aResidential property
_96266
700 1 _aPereira, Isabella
700 1 _aFryer-Smith, Ella
700 1 _aCharlton, Anne
700 1 _aRoberts-Hughes, Rebecca
856 4 0 _uhttps://www.architecture.com/Files/RIBAHoldings/PolicyAndInternationalRelations/HomeWise/ThewaywelivenowRIBAIpsosMORIMay2012.pdf
_zView the item free of charge from the www.architecture.com
942 _n0
999 _c114234
_d114234